000 002200000a22000970004500
100 1 _aClaydon, Robyn
245 1 0 _aWomen key people
300 _aNúm 71 (1995), Páginas 11
773 0 _tWorld Evangelization
942 _cANA
999 _c57562
_d57562